Steps In Clothing Skills Revised (Record no. 8043)
[ view plain ]
| 000 -LEADER | |
|---|---|
| fixed length control field | 01538nam a2200205Ia 4500 |
| 005 - DATE AND TIME OF LATEST TRANSACTION | |
| control field | 20231124153816.0 |
| 008 - FIXED-LENGTH DATA ELEMENTS--GENERAL INFORMATION | |
| fixed length control field | 220524s9999 xx 000 0 und d |
| 020 ## - INTERNATIONAL STANDARD BOOK NUMBER | |
| International Standard Book Number | 870022652 |
| 041 ## - LANGUAGE CODE | |
| Language code of text/sound track or separate title | eng |
| 082 ## - DEWEY DECIMAL CLASSIFICATION NUMBER | |
| Classification number | 646.2 |
| 100 ## - MAIN ENTRY--PERSONAL NAME | |
| Author | Draper Wanda |
| 245 ## - TITLE STATEMENT | |
| Title | Steps In Clothing Skills Revised |
| 260 ## - PUBLICATION, DISTRIBUTION, ETC. | |
| Name of publisher, distributor, etc. | Bennett Publishing Company-United America |
| Date of publication, distribution, etc. | 1978 |
| 300 ## - PHYSICAL DESCRIPTION | |
| Extent | 528 |
| 520 ## - SUMMARY, ETC. | |
| Summary, etc. | PART ONE - PERSONALITY PLUS<br/>Chapter 1 Good Looks from Top to Toe<br/>Chapter 2 Your Manners are Showing<br/>PART TWO – FABRICS FOR FASHION<br/>Chapter 3 Fun with Fibers<br/>Chapter 4 Wonders of Weaving<br/>Chapter 5 Texture<br/>Chapter 6 Designs in Fabrics<br/>Chapter 7 Finishes<br/>PART THREE THE MAJIC OF DESIGN & COLOR<br/>Chapter 8 Line, Shape, and You<br/>Chapter 9 You in a World of Color<br/>Chapter 10 You & Color magic<br/>PART FOUR – KEEPING YOUR WARDROBE UP-TO-DATE<br/>Chapter 11 Managing your Wardrobe<br/>Chapter 12 When you Shop<br/>Chapter 13 Clothing Care – the Easy Way<br/>Chapter 14 Storage Know-How<br/>PART FIVE – SEWING STEPS <br/>Chapter 15 Sewing Equipment<br/>Chapter 16 The Sewing Machine<br/>Chapter 17 Selecting & Fitting Your Pattern<br/>Chapter 18 Preparing Fabrics for Cutting<br/>Chapter 19 Getting Ready to use your Pattern<br/>Chapter 20 Let’s Learn to Press<br/>Chapter 21 Taking Steps toward a Finished Garment<br/>Chapter 22 Let’s Plan & Sew A Garment<br/>Chapter 23 Let’s Dress up your Finished Garments<br/>PART SIX – GETTING READY FOR A JOB<br/>Chapter 24 Getting Ready for a Job<br/> |
| 650 ## - SUBJECT ADDED ENTRY--TOPICAL TERM | |
| Topical term or geographic name entry element | Sewing |
| 700 ## - ADDED ENTRY--PERSONAL NAME | |
| Personal name | Bailey Annetta |
| 942 ## - ADDED ENTRY ELEMENTS (KOHA) | |
| Koha item type | Books |
| 906 ## - LOCAL DATA ELEMENT F, LDF (RLIN) | |
| a | - |
| Withdrawn status | Lost status | Damaged status | Not for loan | Home library | Current library | Date acquired | Vendor | Net Price | Full call number | Barcode | Date last seen | Actual Price | Bill Date | Koha item type | Original Barcode |
|---|---|---|---|---|---|---|---|---|---|---|---|---|---|---|---|
| Available | School of Fashion Technology | School of Fashion Technology | 17/02/2020 | Design Book Studio | 12175.00 | - | SOFT-BK-3736 | 08/07/2022 | 9131.25 | 08/07/2022 | Reference book | 003736 |